| 000 | 00736nam a2200229 a 4500 | ||
|---|---|---|---|
| 001 | 000127752 | ||
| 003 | AM-YEHGA | ||
| 005 | 20250617122700.0 | ||
| 008 | 990405s1980 ru a|||gr|||||||||0|rus|d | ||
| 040 | _aAM-YeHGA | ||
| 041 | 1 |
_arus _heng |
|
| 100 | 1 | _aБенкс, Дж. | |
| 245 | 1 | 0 |
_aНазвания органических соединений / _cДж. Бенкс ; Пер. со 2-го англ. изд. В.М. Потапова. |
| 260 |
_aМосква : _bХимия, _c1980. |
||
| 300 |
_a304 с. : _bил. |
||
| 504 | _aБиблиогр.: с. 290-291 | ||
| 504 | _aПредм. указ.: с. 292-302 | ||
| 650 | 1 | 4 | _aХимия |
| 700 | 1 |
_aПотапов, В.М. _eпер. _4trl |
|
| 942 |
_2udc _cBK |
||
| 090 | _c43286 | ||
| 999 |
_c42594 _d42594 |
||